000 00725nam a22002417a 4500
005 20210419091145.0
008 201110s2018 ||||| |||| 00| 0 eng d
020 _a9781506228273
040 _aeng
_cDLC
041 _aeng
080 _a577.1
_bK-20
100 _970
_aSam Turco
245 _aUSMLE: Step 1
_b: Lecture Notes 2018, Biochemistry and Medical Genetics
_c/ by Kaplan Medical : Edited by Sam Turco PhD,
260 _aNew York
_bKaplan Medical
_c2018
300 _a423 pages
_bill
650 0 _971
_aBiochemistry
650 0 _972
_aUSMLE STEP 1
653 _aბიოქიმია
700 _916
_aTurco, Sam, PhD
710 _917
_aLane, Roger PhD
711 _918
_aHarden, M. Ryan MD, MS
942 _2udc
_cBK
999 _c343
_d343